top 10 worlds best cricket fielders - Statistics

General Stats
  • This quiz has been taken 69 times
  • The average score is 4 of 10
Answer Stats
Hint Answer % Correct
1.south africa jonty rhodes
75%
3.south africa ab devilliers
50%
5.india yuvraj singh
41%
8.india virat kohli
39%
7.austrailia ricky ponting
38%
10.india ravindra jadeja
34%
2.india suresh raina
34%
4.pakistan shahid afridi
18%
6.west indies kieron pollard
16%
9.austrailia david hussey
5%
No matching quizzes found
Score Distribution
Percent of People with Each Score
Percentile by Number Answered
Your Score History
You have not taken this quiz